000 00256nam a22001217a 4500
008 170301b xxu||||| |||| 00| 0 eng d
041 _aeng
080 _a61
100 _a6
101 _aSHM
245 _aGENERAL ANAETHESIA
_cBOSOMWORTH
942 _2udc
_cBK
999 _c6514
_d6514